| 000 | 00581nam a2200181 a 4500 | ||
|---|---|---|---|
| 001 | 000010803 | ||
| 005 | 20200929162308.0 | ||
| 008 | 091012s1997 cu c 000 0 spa d | ||
| 020 | _a9590300650 | ||
| 040 |
_aDO-SdBNP _bspa _cBNPHU |
||
| 082 |
_axxxx _bP371m |
||
| 100 | 1 |
_aPedreira Rodríguez, Ramón _926103 |
|
| 245 | 1 | 0 |
_aMi recetario de cocteles cubanos / _cRamón Pedreira Rodríguez ; edición Dania Pérez Rubio. |
| 260 |
_aLa Habana, Cuba : _bArte y Literatura, _c1997. |
||
| 300 |
_a87 p. : _bil. ; _c19 cm. |
||
| 700 | 1 |
_aPérez Rubio, Dania, _eed. _95482 |
|
| 049 | _aBNPD | ||
| 999 |
_c10552 _d10552 |
||